Word Ladder: Israeli Martial Arts Quiz Stats

 Plays Quiz Updated Sep 9, 2016

Challenge
Share
Tweet
Embed
Score 0/21 Timer 02:00
1 Play Today
Hint 4-Letter Word % Correct
An apple's centerCORE
94.9%
Bring your hands togetherCLAP
94.4%
'The ___ Ranger'LONE
94.1%
Vegetable that comes in earsCORN
93.8%
Your mom's mom, for shortGRAN
93.6%
Pick up by wrapping your hand aroundGRAB
93.5%
Not crazySANE
92.8%
A narrow rural roadLANE
92.5%
Traditional knowledge or beliefLORE
91.5%
A Scottish family groupingCLAN
91.2%
Pen for confining poultryCOOP
89%
Hint 4-Letter Word % Correct
A nocturnal mammal with a striped tailCOON
88.1%
Mild expletiveCRAP
87.5%
Cut short, like hairCROP
86.5%
Pal of parsley, rosemary & thymeSAGE
86%
A caramel custardFLAN
83.8%
A long, dramatic literary epicSAGA
83.6%
Partner of Kukla and OllieFRAN
81.8%
Sushi substitute crustacean meatKRAB
42.3%
✯ [Top rung] ___, Israeli martial art ✯✯MAGA✯
40.3%
✯ ___ [End rung], Israeli martial art ✯✯KRAV✯
37.2%

Today's Daily Dose

Missing Word
TV CA - CZ

Quick Pick
Vowels

On This Day
July 23rd II

You're not logged in!

Compare scores with friends on all Sporcle quizzes.
Join for Free
OR
Log In

You Might Also Like...

Show Comments

Extras

Top Quizzes Today


Score Distribution

Your Account Isn't Verified!

In order to create a playlist on Sporcle, you need to verify the email address you used during registration. Go to your Sporcle Settings to finish the process.

Report this User

Report this user for behavior that violates our Community Guidelines.

Details: